000 00645nam a2200217 a 4500
005 20240925064620.0
008 020617s2001 es r 000 0 spa d
020 _a8483164019
035 _aUPN01000117874
049 _aCG
050 4 _aRC489 T7
_bS2.4
100 1 _aSáez Alonso, Rafael
245 1 4 _aLos juegos psicológicos según el análisis transaccional :
_bdos no juegan, si uno no quiere /
_cRafael Sáez Alonso.
260 _aMadrid :
_bCCS,
_c2001.
300 _a212 p.
440 0 _aCampus ;
_v21
650 4 _aANALISIS TRANSACCIONAL
650 4 _aPersonalidad
_97690
650 2 _aRelaciones sociales
_911007
905 _aLibro
999 _c90294
_d90294